Egypte moderne, arabe et copte /

Saved in:

Main Author: Ouazzane (Author)

Format: Book

Language: French

Published: Paris : H. Daragon, 1912.

Series: Encyclopedie de l'amour ; 4.

Subjects:

Tags: Add Tag

No Tags, Be the first to tag this record!

Call Number: HQ1792 .O8

LEADER 00845nam a22002537a 4500
003 OSt
005 20250827085059.0
008 270303s1912 fr a g 000 0 fre d
040 |c ARCE Library 
043 |a f-ua--- 
050 1 4 |a HQ1792   |b .O8 
100 0 |a Ouazzane,   |e author  |9 37186 
245 1 0 |a Egypte moderne, arabe et copte /   |c El Ouazzane. 
264 1 |a Paris :   |b H. Daragon,   |c 1912. 
300 |a 234 pages :   |b illustrations ;   |c 23 cm. 
490 0 |a Encyclopedie de l'amour ;   |v 4. 
500 |a "Ouvrage orné d'un frontispice gravé" 
500 |a Cover title: Encyclopédie de l'amour : mariage, adultère, prostitution, poèmes d'amour, chants nuptiaus, contes & traditions. Egypte. 
500 |a OCLC 60498712 
650 0 |a Prostitution  |z Egypt. 
650 0 |a Women  |z Egypt. 
901 |a reviewed 
942 |c BK  |2 lcc 
999 |c 22099  |d 22099